City name to State - Speed Quiz - Statistics

General Stats
  • This quiz has been taken 26 times
  • The average score is 18 of 50
Answer Stats
Hint Answer % Correct
Mobile Alabama
75%
Boise Idaho
75%
Ann Arbor Michigan
75%
Honolulu Hawaii
67%
Gary Indiana
67%
Frankfort Kentucky
67%
Akron Ohio
67%
Eugene Oregon
67%
Amarillo Texas
67%
Green Bay Wisconsin
67%
Fairbanks Alaska
58%
Dover Delaware
58%
Annapolis Maryland
58%
Las Cruces New Mexico
58%
Syracuse New York
58%
Chattanooga Tennessee
58%
Provo Utah
58%
Durham North Carolina
50%
Macon Georgia
42%
Biloxi Mississippi
42%
Nashua New Hampshire
42%
Scranton Pennsylvania
42%
Yuma Arizona
33%
Shreveport Louisiana
33%
Bangor Maine
33%
Alexandria Virginia
33%
Casper Wyoming
33%
Jonesboro Arkansas
25%
Danbury Connecticut
25%
Port St. Lucie Florida
25%
Elgin Illinois
25%
Torrance California
17%
Fort Collins Colorado
17%
Lowell Massachusetts
17%
Bozeman Montana
17%
Newport Rhode Island
17%
Rapid City South Dakota
17%
Davenport Iowa
8%
Olathe Kansas
8%
Lee's Summit Missouri
8%
Grand Island Nebraska
8%
Camden New Jersey
8%
Grand Forks North Dakota
8%
Broken Arrow Oklahoma
8%
Rock Hill South Carolina
8%
Federal Way Washington
8%
Huntington West Virginia
8%
Woodbury Minnesota
0%
Sparks Nevada
0%
Rutland Vermont
0%
No matching quizzes found
Score Distribution
Percent of People with Each Score
Percentile by Number Answered
Your Score History
You have not taken this quiz